[Event "DEM U12 2021"]
[Site "Willingen GER"]
[Date "2021.08.26"]
[Round "5"]
[White "Theviot, Luca"]
[Black "Klaska, Philipp Leon"]
[Result "0-1"]
[Termination "normal"]
[Board "14"]
[WhiteElo "1417"]
[BlackElo "1742"]
[WhiteClock "01:17:58"]
[BlackClock "00:16:08"]
[PlyCount "82"]
[WhiteFideId "16277449"]
[BlackFideId "16238044"]
[EventCountry "GER"]
[EventRounds "9"]
[EventType "swiss"]
[EventDate "2021.08.22"]

1. d4 {[%clk 01:30:57]} {[%emt 00:00:02]} Nf6 {[%clk 01:30:43]} {[%emt
00:00:17]} 2. Bg5 {[%clk 01:31:16]} {[%emt 00:00:11]} e6 {[%clk 01:31:03]}
{[%emt 00:00:11]} 3. Nd2 {[%clk 01:31:33]} {[%emt 00:00:13]} h6 {[%clk
01:30:49]} {[%emt 00:00:44]} 4. Bh4 {[%clk 01:31:34]} {[%emt 00:00:28]} d5
{[%clk 01:30:25]} {[%emt 00:00:54]} 5. e3 {[%clk 01:31:57]} {[%emt 00:00:08]}
Nbd7 {[%clk 01:29:19]} {[%emt 00:01:36]} 6. Bd3 {[%clk 01:31:52]} {[%emt
00:00:35]} b6 {[%clk 01:26:41]} {[%emt 00:03:06]} 7. f4 {[%clk 01:32:05]}
{[%emt 00:00:18]} Bb7 {[%clk 01:25:43]} {[%emt 00:01:28]} 8. Ngf3 {[%clk
01:29:13]} {[%emt 00:03:21]} Be7 {[%clk 01:24:58]} {[%emt 00:01:15]} 9. Ne5
{[%clk 01:28:39]} {[%emt 00:01:03]} Ne4 {[%clk 01:17:49]} {[%emt 00:07:40]} 10.
Bxe4 {[%clk 01:27:31]} {[%emt 00:01:39]} Bxh4+ {[%clk 01:17:08]} {[%emt
00:01:11]} 11. g3 {[%clk 01:27:15]} {[%emt 00:00:47]} Nxe5 {[%clk 01:13:35]}
{[%emt 00:04:02]} 12. fxe5 {[%clk 01:19:07]} {[%emt 00:08:37]} dxe4 {[%clk
01:08:50]} {[%emt 00:05:16]} 13. gxh4 {[%clk 01:19:24]} {[%emt 00:00:13]} Qxh4+
{[%clk 01:06:58]} {[%emt 00:02:22]} 14. Ke2 {[%clk 01:19:42]} {[%emt 00:00:12]}
O-O-O {[%clk 01:03:25]} {[%emt 00:04:03]} 15. Qe1 {[%clk 01:20:03]} {[%emt
00:00:10]} Qh5+ {[%clk 01:01:32]} {[%emt 00:02:20]} 16. Kf2 {[%clk 01:20:03]}
{[%emt 00:00:30]} f6 {[%clk 00:59:24]} {[%emt 00:02:38]} 17. Qe2 {[%clk
01:20:11]} {[%emt 00:00:24]} Qf5+ {[%clk 00:56:48]} {[%emt 00:03:02]} 18. Ke1
{[%clk 01:20:33]} {[%emt 00:00:12]} fxe5 {[%clk 00:52:44]} {[%emt 00:04:34]}
19. Rf1 {[%clk 01:20:42]} {[%emt 00:00:20]} Qg5 {[%clk 00:50:43]} {[%emt
00:02:28]} 20. dxe5 {[%clk 01:20:31]} {[%emt 00:00:44]} Rhf8 {[%clk 00:47:22]}
{[%emt 00:03:49]} 21. c3 {[%clk 01:19:49]} {[%emt 00:01:14]} Rxf1+ {[%clk
00:44:45]} {[%emt 00:03:08]} 22. Nxf1 {[%clk 01:19:50]} {[%emt 00:00:07]} Qxe5
{[%clk 00:42:39]} {[%emt 00:02:57]} 23. Rd1 {[%clk 01:20:05]} {[%emt 00:00:15]}
Rxd1+ {[%clk 00:38:07]} {[%emt 00:05:03]} 24. Qxd1 {[%clk 01:20:11]} {[%emt
00:00:24]} Qd5 {[%clk 00:36:18]} {[%emt 00:02:14]} 25. Qxd5 {[%clk 01:20:26]}
{[%emt 00:00:19]} exd5 {[%clk 00:36:07]} {[%emt 00:00:42]} 26. Ng3 {[%clk
01:20:32]} {[%emt 00:00:24]} g6 {[%clk 00:35:32]} {[%emt 00:01:04]} 27. Ne2
{[%clk 01:21:00]} {[%emt 00:00:03]} Kd7 {[%clk 00:34:08]} {[%emt 00:01:53]} 28.
Kf2 {[%clk 01:20:20]} {[%emt 00:01:11]} c5 {[%clk 00:31:47]} {[%emt 00:02:50]}
29. h4 {[%clk 01:20:29]} {[%emt 00:00:22]} Ke6 {[%clk 00:28:47]} {[%emt
00:03:30]} 30. Nf4+ {[%clk 01:19:51]} {[%emt 00:01:08]} Kf5 {[%clk 00:28:02]}
{[%emt 00:01:13]} 31. a4 {[%clk 01:18:19]} {[%emt 00:02:04]} g5 {[%clk
00:25:55]} {[%emt 00:02:36]} 32. hxg5 {[%clk 01:17:32]} {[%emt 00:01:17]} hxg5
{[%clk 00:25:56]} {[%emt 00:00:29]} 33. Ne2 {[%clk 01:17:18]} {[%emt 00:00:45]}
Ba6 {[%clk 00:24:28]} {[%emt 00:01:52]} 34. Ng3+ {[%clk 01:17:23]} {[%emt
00:00:30]} Ke5 {[%clk 00:21:07]} {[%emt 00:03:49]} 35. Nh1 {[%clk 01:17:35]}
{[%emt 00:00:21]} Bd3 {[%clk 00:20:23]} {[%emt 00:01:11]} 36. Ng3 {[%clk
01:17:51]} {[%emt 00:00:16]} a5 {[%clk 00:19:55]} {[%emt 00:00:59]} 37. Nh5
{[%clk 01:18:00]} {[%emt 00:00:21]} Bc2 {[%clk 00:19:14]} {[%emt 00:01:11]} 38.
Ng3 {[%clk 01:17:37]} {[%emt 00:00:53]} Bxa4 {[%clk 00:18:15]} {[%emt
00:01:29]} 39. Ne2 {[%clk 01:17:46]} {[%emt 00:00:21]} b5 {[%clk 00:16:17]}
{[%emt 00:02:28]} 40. Kg3 {[%clk 01:18:07]} {[%emt 00:00:09]} b4 {[%clk
00:15:48]} {[%emt 00:00:59]} 41. Kg4 {[%clk 01:17:58]} {[%emt 00:00:39]} Bd1
{[%clk 00:16:08]} {[%emt 00:00:10]} 0-1

[Event "DEM U12 2021"]
[Site "Willingen GER"]
[Date "2021.08.26"]
[Round "5"]
[White "Gärtner, Alessandro"]
[Black "Weber, Nikita"]
[Result "1/2-1/2"]
[Termination "normal"]
[Board "15"]
[WhiteElo "1332"]
[BlackElo "1352"]
[WhiteClock "00:41:02"]
[BlackClock "01:11:07"]
[PlyCount "119"]
[WhiteFideId "16268024"]
[BlackFideId "34608770"]
[EventCountry "GER"]
[EventRounds "9"]
[EventType "swiss"]
[EventDate "2021.08.22"]

1. d4 {[%clk 01:30:58]} {[%emt 00:00:01]} d5 {[%clk 01:30:56]} {[%emt
00:00:05]} 2. c4 {[%clk 01:31:26]} {[%emt 00:00:01]} c6 {[%clk 01:31:22]}
{[%emt 00:00:05]} 3. Nc3 {[%clk 01:31:47]} {[%emt 00:00:09]} Nf6 {[%clk
01:31:47]} {[%emt 00:00:04]} 4. Bg5 {[%clk 01:31:28]} {[%emt 00:00:48]} h6
{[%clk 01:31:18]} {[%emt 00:01:00]} 5. Bh4 {[%clk 01:31:44]} {[%emt 00:00:15]}
e6 {[%clk 01:31:24]} {[%emt 00:00:24]} 6. e3 {[%clk 01:31:22]} {[%emt
00:00:51]} Be7 {[%clk 01:30:32]} {[%emt 00:01:23]} 7. Nf3 {[%clk 01:31:25]}
{[%emt 00:00:27]} Nbd7 {[%clk 01:30:50]} {[%emt 00:00:12]} 8. Bd3 {[%clk
01:31:11]} {[%emt 00:00:43]} dxc4 {[%clk 01:30:58]} {[%emt 00:00:22]} 9. Bxc4
{[%clk 01:31:30]} {[%emt 00:00:11]} b5 {[%clk 01:31:09]} {[%emt 00:00:20]} 10.
Bd3 {[%clk 01:31:33]} {[%emt 00:00:26]} Bb7 {[%clk 01:31:16]} {[%emt 00:00:22]}
11. O-O {[%clk 01:31:24]} {[%emt 00:00:39]} O-O {[%clk 01:31:33]} {[%emt
00:00:14]} 12. a3 {[%clk 01:31:05]} {[%emt 00:00:50]} a5 {[%clk 01:31:00]}
{[%emt 00:01:03]} 13. Qe2 {[%clk 01:29:24]} {[%emt 00:02:10]} Nb6 {[%clk
01:28:53]} {[%emt 00:02:37]} 14. Ne5 {[%clk 01:28:25]} {[%emt 00:01:30]} Nfd7
{[%clk 01:27:50]} {[%emt 00:01:32]} 15. Bxe7 {[%clk 01:27:15]} {[%emt
00:01:39]} Qxe7 {[%clk 01:28:15]} {[%emt 00:00:06]} 16. f4 {[%clk 01:27:24]}
{[%emt 00:00:21]} Nxe5 {[%clk 01:28:08]} {[%emt 00:00:37]} 17. fxe5 {[%clk
01:26:50]} {[%emt 00:01:04]} f6 {[%clk 01:27:03]} {[%emt 00:01:35]} 18. Ne4
{[%clk 01:24:33]} {[%emt 00:02:47]} fxe5 {[%clk 01:26:51]} {[%emt 00:00:43]}
19. dxe5 {[%clk 01:24:48]} {[%emt 00:00:14]} c5 {[%clk 01:24:03]} {[%emt
00:03:19]} 20. Qg4 {[%clk 01:23:23]} {[%emt 00:01:54]} Bxe4 {[%clk 01:17:45]}
{[%emt 00:06:49]} 21. Qxe4 {[%clk 01:23:40]} {[%emt 00:00:12]} Rf5 {[%clk
01:17:40]} {[%emt 00:00:35]} 22. g4 {[%clk 01:23:17]} {[%emt 00:00:52]} Qg5
{[%clk 01:17:48]} {[%emt 00:00:22]} 23. Rxf5 {[%clk 01:20:33]} {[%emt
00:03:15]} exf5 {[%clk 01:18:03]} {[%emt 00:00:16]} 24. Qxf5 {[%clk 01:20:36]}
{[%emt 00:00:27]} Qxf5 {[%clk 01:15:28]} {[%emt 00:03:05]} 25. gxf5 {[%clk
01:20:22]} {[%emt 00:00:44]} c4 {[%clk 01:15:37]} {[%emt 00:00:21]} 26. Bc2
{[%clk 01:19:41]} {[%emt 00:01:11]} Kf7 {[%clk 01:14:31]} {[%emt 00:01:36]} 27.
Rd1 {[%clk 01:19:30]} {[%emt 00:00:41]} Ke7 {[%clk 01:12:06]} {[%emt 00:02:56]}
28. Rd6 {[%clk 01:19:05]} {[%emt 00:00:53]} Nd7 {[%clk 01:11:47]} {[%emt
00:00:50]} 29. Re6+ {[%clk 01:17:13]} {[%emt 00:02:22]} Kf7 {[%clk 01:12:11]}
{[%emt 00:00:06]} 30. Be4 {[%clk 01:14:37]} {[%emt 00:03:07]} Rd8 {[%clk
01:11:43]} {[%emt 00:00:57]} 31. Bf3 {[%clk 01:09:26]} {[%emt 00:05:41]} b4
{[%clk 01:10:57]} {[%emt 00:01:16]} 32. Bh5+ {[%clk 01:09:05]} {[%emt
00:00:51]} Kf8 {[%clk 01:11:12]} {[%emt 00:00:15]} 33. f6 {[%clk 01:08:02]}
{[%emt 00:01:32]} Nc5 {[%clk 01:10:51]} {[%emt 00:00:52]} 34. Re7 {[%clk
01:07:46]} {[%emt 00:00:46]} gxf6 {[%clk 01:10:56]} {[%emt 00:00:25]} 35. exf6
{[%clk 01:08:05]} {[%emt 00:00:11]} Nd7 {[%clk 01:10:28]} {[%emt 00:00:58]} 36.
axb4 {[%clk 01:07:26]} {[%emt 00:01:10]} axb4 {[%clk 01:10:46]} {[%emt
00:00:11]} 37. e4 {[%clk 01:07:37]} {[%emt 00:00:20]} b3 {[%clk 01:09:58]}
{[%emt 00:01:17]} 38. e5 {[%clk 01:03:05]} {[%emt 00:05:02]} c3 {[%clk
01:10:24]} {[%emt 00:00:05]} 39. Rh7 {[%clk 01:02:51]} {[%emt 00:00:44]} Kg8
{[%clk 01:10:05]} {[%emt 00:00:48]} 40. Re7 {[%clk 00:49:05]} {[%emt 00:14:16]}
Kf8 {[%clk 01:10:03]} {[%emt 00:00:33]} 41. bxc3 {[%clk 00:49:05]} {[%emt
00:00:29]} b2 {[%clk 01:09:10]} {[%emt 00:01:23]} 42. Bg6 {[%clk 00:48:27]}
{[%emt 00:01:07]} Nc5 {[%clk 01:08:07]} {[%emt 00:01:34]} 43. Rh7 {[%clk
00:45:23]} {[%emt 00:03:33]} b1=Q+ {[%emt 00:00:39]} 44. Bxb1 {[%emt 00:00:22]}
Rd1+ {[%clk 01:07:32]} {[%emt 00:00:05]} 45. Kg2 {[%clk 00:45:15]} {[%emt
00:00:37]} Rxb1 {[%clk 01:07:57]} {[%emt 00:00:07]} 46. Rc7 {[%clk 00:40:49]}
{[%emt 00:04:53]} Ne6 {[%clk 01:07:47]} {[%emt 00:00:43]} 47. Re7 {[%clk
00:40:59]} {[%emt 00:00:19]} Nf4+ {[%clk 01:07:54]} {[%emt 00:00:24]} 48. Kf2
{[%clk 00:40:17]} {[%emt 00:01:10]} Ng6 {[%clk 01:08:15]} {[%emt 00:00:10]} 49.
Rh7 {[%clk 00:39:45]} {[%emt 00:01:01]} Nxe5 {[%clk 01:08:37]} {[%emt
00:00:09]} 50. Kg2 {[%clk 00:39:47]} {[%emt 00:00:27]} Ng4 {[%clk 01:08:28]}
{[%emt 00:00:40]} 51. h3 {[%clk 00:39:53]} {[%emt 00:00:24]} Nxf6 {[%clk
01:08:54]} {[%emt 00:00:05]} 52. Rxh6 {[%clk 00:40:20]} {[%emt 00:00:02]} Kg7
{[%clk 01:09:15]} {[%emt 00:00:08]} 53. Rh4 {[%clk 00:40:41]} {[%emt 00:00:09]}
Rc1 {[%clk 01:09:33]} {[%emt 00:00:12]} 54. c4 {[%clk 00:40:48]} {[%emt
00:00:24]} Nd7 {[%clk 01:09:50]} {[%emt 00:00:13]} 55. Re4 {[%clk 00:40:59]}
{[%emt 00:00:18]} Nb6 {[%clk 01:10:04]} {[%emt 00:00:18]} 56. c5 {[%clk
00:40:39]} {[%emt 00:00:50]} Rxc5 {[%clk 01:10:25]} {[%emt 00:00:09]} 57. Rg4+
{[%clk 00:40:34]} {[%emt 00:00:33]} Kh6 {[%clk 01:10:49]} {[%emt 00:00:08]} 58.
Rd4 {[%clk 00:40:37]} {[%emt 00:00:26]} Nd5 {[%clk 01:10:45]} {[%emt 00:00:33]}
59. Kf3 {[%clk 00:40:51]} {[%emt 00:00:17]} Rc3+ {[%clk 01:11:07]} {[%emt
00:00:10]} 60. Ke4 {[%clk 00:41:02]} {[%emt 00:00:19]} 1/2-1/2

[Event "DEM U12 2021"]
[Site "Willingen GER"]
[Date "2021.08.26"]
[Round "5"]
[White "Wunderlich, Elias"]
[Black "Bangert, Jonas"]
[Result "1/2-1/2"]
[Termination "normal"]
[Board "16"]
[WhiteElo "1657"]
[BlackElo "1541"]
[WhiteClock "00:06:57"]
[BlackClock "00:15:39"]
[PlyCount "127"]
[WhiteFideId "34608087"]
[BlackFideId "16289650"]
[EventCountry "GER"]
[EventRounds "9"]
[EventType "swiss"]
[EventDate "2021.08.22"]

1. e4 {[%clk 01:30:58]} {[%emt 00:00:01]} c6 {[%clk 01:30:56]} {[%emt
00:00:04]} 2. d4 {[%clk 01:31:22]} {[%emt 00:00:06]} d5 {[%clk 01:31:23]}
{[%emt 00:00:04]} 3. e5 {[%clk 01:31:47]} {[%emt 00:00:05]} Bf5 {[%clk
01:31:46]} {[%emt 00:00:07]} 4. h4 {[%clk 01:32:03]} {[%emt 00:00:13]} h5
{[%clk 01:32:00]} {[%emt 00:00:16]} 5. Bd3 {[%clk 01:32:17]} {[%emt 00:00:17]}
Bxd3 {[%emt 00:00:40]} 6. Qxd3 {[%clk 01:32:40]} {[%emt 00:00:03]} e6 {[%clk
01:31:39]} {[%emt 00:00:45]} 7. Nf3 {[%clk 01:31:36]} {[%emt 00:01:34]} Nd7
{[%clk 01:29:47]} {[%emt 00:02:22]} 8. Nbd2 {[%clk 01:31:02]} {[%emt 00:01:03]}
c5 {[%clk 01:24:38]} {[%emt 00:05:40]} 9. c4 {[%clk 01:29:10]} {[%emt
00:02:22]} Nb6 {[%clk 01:21:16]} {[%emt 00:03:52]} 10. b3 {[%clk 01:24:55]}
{[%emt 00:04:45]} cxd4 {[%clk 01:12:58]} {[%emt 00:08:48]} 11. Nxd4 {[%clk
01:20:31]} {[%emt 00:04:54]} Qc7 {[%clk 01:09:31]} {[%emt 00:03:56]} 12. N4f3
{[%clk 01:05:12]} {[%emt 00:15:49]} Bb4 {[%clk 01:02:20]} {[%emt 00:07:41]} 13.
cxd5 {[%clk 01:02:56]} {[%emt 00:02:46]} Nxd5 {[%clk 00:58:52]} {[%emt
00:03:58]} 14. Bb2 {[%emt 00:00:57]} Nge7 {[%clk 00:50:23]} {[%emt 00:08:59]}
15. O-O {[%clk 01:01:33]} {[%emt 00:01:27]} Nc6 {[%clk 00:49:32]} {[%emt
00:01:21]} 16. Ne4 {[%clk 00:56:50]} {[%emt 00:05:12]} O-O-O {[%clk 00:43:44]}
{[%emt 00:06:18]} 17. Qc2 {[%clk 00:52:15]} {[%emt 00:05:02]} Kb8 {[%clk
00:42:05]} {[%emt 00:02:12]} 18. Rac1 {[%clk 00:51:31]} {[%emt 00:01:14]} Rc8
{[%clk 00:37:45]} {[%emt 00:04:50]} 19. Qb1 {[%clk 00:51:10]} {[%emt 00:00:48]}
Qe7 {[%clk 00:31:35]} {[%emt 00:06:43]} 20. g3 {[%clk 00:46:24]} {[%emt
00:05:16]} Rhf8 {[%clk 00:21:53]} {[%emt 00:10:12]} 21. Qa1 {[%clk 00:44:16]}
{[%emt 00:02:39]} Qd8 {[%clk 00:12:53]} {[%emt 00:09:30]} 22. Rfd1 {[%clk
00:42:51]} {[%emt 00:01:53]} Rc7 {[%clk 00:10:38]} {[%emt 00:02:47]} 23. Nfg5
{[%clk 00:37:05]} {[%emt 00:06:16]} Qe8 {[%clk 00:07:44]} {[%emt 00:03:24]} 24.
Rd3 {[%clk 00:33:33]} {[%emt 00:04:01]} Rd7 {[%clk 00:04:12]} {[%emt 00:04:03]}
25. Rcd1 {[%clk 00:32:36]} {[%emt 00:01:24]} Ba5 {[%clk 00:03:04]} {[%emt
00:01:40]} 26. a3 {[%clk 00:30:24]} {[%emt 00:02:42]} Bd8 {[%clk 00:03:01]}
{[%emt 00:00:33]} 27. Kg2 {[%clk 00:27:09]} {[%emt 00:03:45]} f6 {[%clk
00:02:33]} {[%emt 00:00:58]} 28. Nxe6 {[%clk 00:21:33]} {[%emt 00:06:06]} Qxe6
{[%clk 00:02:28]} {[%emt 00:00:35]} 29. Nc5 {[%clk 00:21:53]} {[%emt 00:00:10]}
Nf4+ {[%clk 00:01:47]} {[%emt 00:01:12]} 30. gxf4 {[%clk 00:20:54]} {[%emt
00:01:29]} Qg4+ {[%clk 00:02:02]} {[%emt 00:00:15]} 31. Kf1 {[%clk 00:20:58]}
{[%emt 00:00:25]} Rxd3 {[%clk 00:02:19]} {[%emt 00:00:13]} 32. Rxd3 {[%clk
00:21:03]} {[%emt 00:00:25]} Rf7 {[%clk 00:01:26]} {[%emt 00:01:23]} 33. Qd1
{[%clk 00:11:29]} {[%emt 00:10:03]} Qxd1+ {[%clk 00:01:01]} {[%emt 00:00:56]}
34. Rxd1 {[%clk 00:11:58]} Re7 {[%clk 00:00:51]} {[%emt 00:00:40]} 35. exf6
{[%clk 00:11:54]} {[%emt 00:00:34]} gxf6 {[%clk 00:00:52]} {[%emt 00:00:29]}
36. Bxf6 {[%clk 00:11:57]} {[%emt 00:00:27]} Re8 {[%clk 00:01:14]} {[%emt
00:00:08]} 37. Bxd8 {[%clk 00:11:33]} {[%emt 00:00:53]} Nxd8 {[%clk 00:01:17]}
{[%emt 00:00:27]} 38. Rd5 {[%clk 00:11:15]} {[%emt 00:00:48]} Rh8 {[%clk
00:00:56]} {[%emt 00:00:51]} 39. Ne4 {[%clk 00:09:51]} {[%emt 00:01:54]} Ne6
{[%clk 00:00:40]} {[%emt 00:00:46]} 40. Rf5 {[%clk 00:08:14]} {[%emt 00:02:07]}
Nd4 {[%clk 00:00:38]} {[%emt 00:00:33]} 41. Rd5 {[%clk 00:08:03]} {[%emt
00:00:40]} Nxb3 {[%emt 00:01:54]} 42. Ng3 {[%clk 00:37:58]} {[%emt 00:00:35]}
Kc7 {[%clk 00:27:39]} {[%emt 00:02:05]} 43. Nxh5 {[%clk 00:35:25]} {[%emt
00:03:03]} Nd2+ {[%clk 00:26:51]} {[%emt 00:01:18]} 44. Kg2 {[%clk 00:33:46]}
{[%emt 00:02:10]} Nb1 {[%clk 00:26:15]} {[%emt 00:01:06]} 45. a4 {[%clk
00:29:38]} {[%emt 00:04:38]} Kc6 {[%clk 00:25:48]} {[%emt 00:00:56]} 46. Re5
{[%clk 00:25:56]} {[%emt 00:04:12]} Nc3 {[%clk 00:25:35]} {[%emt 00:00:43]} 47.
a5 {[%clk 00:25:25]} {[%emt 00:01:02]} b5 {[%clk 00:25:25]} {[%emt 00:00:39]}
48. axb6 {[%clk 00:25:42]} {[%emt 00:00:12]} axb6 {[%clk 00:25:28]} {[%emt
00:00:28]} 49. Kh3 {[%clk 00:18:53]} {[%emt 00:07:19]} b5 {[%clk 00:24:50]}
{[%emt 00:01:09]} 50. Ng3 {[%clk 00:12:17]} {[%emt 00:07:06]} b4 {[%clk
00:23:41]} {[%emt 00:01:39]} 51. Ne2 {[%clk 00:12:16]} {[%emt 00:00:30]} Nd5
{[%clk 00:23:09]} {[%emt 00:01:01]} 52. Kg4 {[%clk 00:11:39]} {[%emt 00:01:08]}
Kc5 {[%clk 00:22:46]} {[%emt 00:00:54]} 53. Nc1 {[%clk 00:10:25]} {[%emt
00:01:43]} Kc4 {[%clk 00:22:50]} {[%emt 00:00:26]} 54. Re4+ {[%clk 00:07:38]}
{[%emt 00:03:17]} Kc3 {[%clk 00:22:30]} {[%emt 00:00:50]} 55. Re2 {[%clk
00:07:45]} {[%emt 00:00:23]} b3 {[%clk 00:22:16]} {[%emt 00:00:44]} 56. Nxb3
Kxb3 {[%clk 00:22:38]} 57. Re5 {[%clk 00:08:03]} {[%emt 00:00:36]} Kc4 {[%clk
00:22:50]} {[%emt 00:00:18]} 58. h5 {[%clk 00:07:03]} {[%emt 00:01:29]} Kd4
{[%clk 00:21:14]} {[%emt 00:02:07]} 59. Re6 {[%clk 00:07:11]} {[%emt 00:00:23]}
Rxh5 {[%clk 00:20:41]} {[%emt 00:01:03]} 60. f5 {[%clk 00:06:50]} {[%emt
00:00:50]} Rh8 {[%clk 00:18:43]} {[%emt 00:02:28]} 61. Kg5 {[%clk 00:07:02]}
{[%emt 00:00:18]} Rg8+ {[%clk 00:17:15]} {[%emt 00:01:58]} 62. Rg6 {[%clk
00:07:26]} {[%emt 00:00:06]} Rf8 {[%clk 00:16:33]} {[%emt 00:01:12]} 63. Re6
{[%clk 00:07:20]} {[%emt 00:00:35]} Rg8+ {[%clk 00:15:39]} {[%emt 00:01:25]}
64. Kh6 {[%clk 00:06:57]} {[%emt 00:00:53]} 1/2-1/2

[Event "DEM U12 2021"]
[Site "Willingen GER"]
[Date "2021.08.26"]
[Round "5"]
[White "Xue, Luka"]
[Black "Wieser, Rouven"]
[Result "0-1"]
[Termination "normal"]
[Board "17"]
[WhiteElo "1496"]
[BlackElo "1295"]
[WhiteClock "00:43:06"]
[BlackClock "00:28:53"]
[PlyCount "48"]
[WhiteFideId "16277252"]
[BlackFideId "34608761"]
[EventCountry "GER"]
[EventRounds "9"]
[EventType "swiss"]
[EventDate "2021.08.22"]

1. d4 {[%clk 01:30:48]} {[%emt 00:00:11]} Nf6 {[%clk 01:30:32]} {[%emt
00:00:28]} 2. c4 {[%clk 01:31:08]} {[%emt 00:00:11]} c5 {[%clk 01:29:56]}
{[%emt 00:01:05]} 3. d5 {[%clk 01:30:50]} {[%emt 00:00:49]} b5 {[%clk
01:26:41]} {[%emt 00:03:44]} 4. cxb5 {[%clk 01:29:57]} {[%emt 00:01:23]} a6
{[%clk 01:26:12]} {[%emt 00:00:59]} 5. e3 {[%clk 01:28:05]} {[%emt 00:02:22]}
axb5 {[%clk 01:23:43]} {[%emt 00:03:01]} 6. Bxb5 {[%clk 01:27:31]} {[%emt
00:01:03]} Qa5+ {[%clk 01:22:33]} {[%emt 00:01:41]} 7. Nc3 {[%clk 01:27:34]}
{[%emt 00:00:25]} Ne4 {[%clk 01:22:01]} {[%emt 00:01:01]} 8. Qd3 {[%clk
01:24:54]} {[%emt 00:03:11]} Nxc3 {[%clk 01:18:58]} {[%emt 00:03:33]} 9. bxc3
{[%clk 01:25:14]} {[%emt 00:00:11]} g6 {[%clk 01:18:40]} {[%emt 00:00:47]} 10.
Bd2 {[%clk 01:23:39]} {[%emt 00:02:05]} Qa3 {[%clk 01:15:28]} {[%emt 00:03:41]}
11. Nf3 {[%clk 01:22:30]} {[%emt 00:01:39]} Bg7 {[%clk 01:10:24]} {[%emt
00:05:35]} 12. O-O {[%clk 01:20:52]} {[%emt 00:02:08]} O-O {[%clk 01:10:09]}
{[%emt 00:00:45]} 13. Rfb1 {[%clk 01:18:57]} {[%emt 00:02:25]} d6 {[%clk
01:06:05]} {[%emt 00:04:34]} 14. Rb3 {[%clk 01:18:26]} {[%emt 00:01:01]} Qa7
{[%clk 01:02:15]} {[%emt 00:04:20]} 15. a4 {[%clk 01:16:43]} {[%emt 00:02:13]}
Bg4 {[%clk 00:51:43]} {[%emt 00:11:02]} 16. Nh4 {[%clk 01:12:32]} {[%emt
00:04:40]} Rc8 {[%clk 00:42:44]} {[%emt 00:09:29]} 17. Raa3 {[%clk 01:02:14]}
{[%emt 00:10:50]} Nd7 {[%clk 00:37:02]} {[%emt 00:06:11]} 18. f4 {[%clk
00:56:29]} {[%emt 00:06:15]} c4 {[%clk 00:34:11]} {[%emt 00:03:20]} 19. Bxc4
{[%clk 00:51:47]} {[%emt 00:05:13]} Nc5 {[%clk 00:33:47]} {[%emt 00:00:54]} 20.
Qc2 {[%clk 00:51:01]} {[%emt 00:01:16]} Nxb3 {[%emt 00:00:48]} 21. Bxb3 {[%clk
00:51:00]} {[%emt 00:00:13]} Qc5 {[%clk 00:31:11]} {[%emt 00:03:05]} 22. Ra2
{[%clk 00:43:43]} {[%emt 00:07:47]} Bxc3 {[%clk 00:30:43]} {[%emt 00:00:58]}
23. Bxc3 {[%clk 00:43:51]} {[%emt 00:00:23]} Qxe3+ {[%clk 00:30:11]} {[%emt
00:01:01]} 24. Kf1 {[%clk 00:43:06]} {[%emt 00:01:15]} Rxc3 {[%clk 00:28:53]}
{[%emt 00:01:48]} 0-1